Normal view MARC view
  • Tayal.B.B.etal

Entry Personal Name

Number of records used in: 3

001 - CONTROL NUMBER

  • control field: 1088

003 - CONTROL NUMBER IDENTIFIER

  • control field: OSt

005 - DATE AND TIME OF LATEST TRANSACTION

  • control field: 20161108114225.0

008 - FIXED-LENGTH DATA ELEMENTS

  • fixed length control field: 161108|| aca||aabn | a|a d

040 ## - CATALOGING SOURCE

  • Original cataloging agency: OSt

100 ## - HEADING--PERSONAL NAME

  • Personal name: Tayal.B.B.etal

Powered by Koha